| 000 | 00309nam a2200097Ia 4500 | ||
|---|---|---|---|
| 008 | 220120s9999||||xx |||||||||||||| ||und|| | ||
| 100 |
_aPallavi.G.P & Pushparani.M _912137 |
||
| 245 | 0 | _aDSPIC based voice Recognition system | |
| 260 |
_aCoorg Institute of Technology _bPonnampet _c2002 |
||
| 650 | _aCOMPUTER SCIENCE | ||
| 999 |
_c137722 _d137722 |
||